01409nam a2200385Ia 4500001000800000003000500008005001700013008004100030010001100071020002200082040000900104082002100113245012100134260007900255300001000334440003900344503000700383504002900390590002100419650004100440650004400481650004100525650003500566650002700601650002700628650003400655650003900689700004400728901002100772902000600793905006300799942001500862999001900877952012700896dia_328CHAP20221213124505.0220117s2011 xx 000 0 und d a170881 a978-607-425-667-3 cCHAP a631.521 B36 2011 aBancos comunitarios de semillas para conservar in situ la diversidad vegetal /c Flavio Aragón Cuevas ...[et al.] aMéxico :b INIFAP. Campo experimental Valles Centrales de Oaxaca,c2011 a79 p. aPublicación especial ; 99148153 aD. aBibliografía: p. 29-30 aSB113.7 B36 2011 aAlmacenamiento de semillas 9148154 aBiodiversidadxPreservación 9148155 aBiodiversityxPreservation 9148156 aBotánicaxMéxico 9137283 aBotanyxMexico9148157 aSeed storage 9148158 aSeedsxPreservation 9148159 aSemillasxPreservación 9103926 aAragón Cuevas, Flavio, coaut.9148160 a631.521 B36 2011 aM a5232272011 mx bdn 8222223322spa16 cLIBRO2ddc c170881d170881 00102ddc40708GRALaIA_bIA_d2022-01-18f1l0o631.521 B36 2011pdia_001583r2022-01-18 00:00:00t1w2022-01-18yLIBRO